[Event "Quebec-ch classe"]
[Site "Montreal CAN"]
[Date "2011.01.23"]
[Round "5"]
[White "Gauthier, Denis"]
[Black "Masse, Hugues"]
[Result "1-0"]
[WhiteElo "2003"]
[BlackElo "2158"]
[PlyCount "61"]
[GameId "2160767909812852"]
[EventDate "2011.01.21"]
[EventType "swiss"]
[EventRounds "5"]
[EventCountry "CAN"]
[SourceTitle "EXT 2013"]
[Source "ChessBase"]
[SourceDate "2012.11.22"]
[SourceVersion "1"]
[SourceVersionDate "2012.11.22"]
[SourceQuality "1"]

1. d4 Nf6 2. c4 g6 3. Nc3 d5 4. Bf4 Bg7 5. Nf3 O-O 6. e3 c5 7. dxc5 Qa5 8. Rc1 dxc4 9. Bxc4 Qxc5 10. Bb3 Nc6 11. O-O Qa5 12. h3 Bf5 13. Qe2 Ne4 14. Nd5 e5 15. Bh2 Nc5 16. Bc4 e4 17. Nd4 Nxd4 18. exd4 Ne6 19. Ne7+ Kh8 20. Nxf5 Qxf5 21. d5 Nd4 22. Qe3 b5 23. Bb3 Rfd8 24. Rfd1 Nxb3 25. Qxb3 a6 26. Rc7 Kg8 27. d6 h5 28. Rd5 Qf6 29. Be5 Qe6 30. Re7 Qc8 31. Rc5 1-0

[Event "Quebec-ch classe"]
[Site "Montreal CAN"]
[Date "2011.01.23"]
[Round "5"]
[White "Larochelle, Martial"]
[Black "Roy, Myriam"]
[Result "1/2-1/2"]
[WhiteElo "2163"]
[BlackElo "2004"]
[PlyCount "76"]
[GameId "2160767909812855"]
[EventDate "2011.01.21"]
[EventType "swiss"]
[EventRounds "5"]
[EventCountry "CAN"]
[SourceTitle "EXT 2013"]
[Source "ChessBase"]
[SourceDate "2012.11.22"]
[SourceVersion "1"]
[SourceVersionDate "2012.11.22"]
[SourceQuality "1"]

1. c4 c5 2. g3 Nf6 3. Bg2 e6 4. Nf3 d5 5. O-O Be7 6. b3 Nc6 7. e3 O-O 8. Bb2 Qc7 9. Nc3 a6 10. cxd5 exd5 11. d4 Rd8 12. Rc1 cxd4 13. Nxd4 Bg4 14. Nce2 Rac8 15. h3 Bh5 16. Nf5 Qd7 17. g4 Bg6 18. Nxe7+ Qxe7 19. Bxf6 Qxf6 20. Qd2 h5 21. gxh5 Bxh5 22. Nf4 Qg5 23. Nxh5 Qxh5 24. Rc5 Ne7 25. Rxc8 Rxc8 26. Qb4 Qg5 27. Qxb7 Rc6 28. Qb8+ Kh7 29. Qg3 Qh6 30. Kh2 Rc2 31. Rd1 Nf5 32. Qf3 Nh4 33. Qxf7 Qg5 34. Bxd5 Nf5 35. Qg8+ Kh6 36. Qh8+ Kg6 37. Qe8+ Kh6 38. Qh8+ Kg6 1/2-1/2

[Event "Quebec-ch classe"]
[Site "Montreal CAN"]
[Date "2011.01.23"]
[Round "5"]
[White "Libersan, Thierry"]
[Black "Cote-Lalumiere, Tristan"]
[Result "1-0"]
[WhiteElo "2112"]
[BlackElo "1880"]
[PlyCount "61"]
[GameId "2160767909812856"]
[EventDate "2011.01.21"]
[EventType "swiss"]
[EventRounds "5"]
[EventCountry "CAN"]
[SourceTitle "EXT 2013"]
[Source "ChessBase"]
[SourceDate "2012.11.22"]
[SourceVersion "1"]
[SourceVersionDate "2012.11.22"]
[SourceQuality "1"]

1. e4 c5 2. Nf3 d6 3. d4 cxd4 4. Qxd4 Nc6 5. Bb5 Bd7 6. Bxc6 Bxc6 7. Nc3 Nf6 8. Bg5 e6 9. O-O-O Be7 10. Qd3 O-O 11. Nd4 Rc8 12. f4 Qb6 13. f5 e5 14. Nde2 Rfd8 15. Bxf6 Bxf6 16. h4 Qa5 17. g4 b5 18. g5 Be7 19. f6 Bf8 20. fxg7 Bxg7 21. Nd5 Bxd5 22. Qxd5 Rc5 23. Qb3 Rdc8 24. Rd2 Rc4 25. Rf1 d5 26. exd5 Rb4 27. Qh3 Rc7 28. d6 Qxa2 29. Qa3 Qxa3 30. bxa3 Rd7 31. axb4 1-0

[Event "RA Autumn op"]
[Site "Ottawa CAN"]
[Date "2011.09.30"]
[Round "1"]
[White "Pacey, Kevin"]
[Black "Sadeghi, Saeid"]
[Result "0-1"]
[WhiteElo "2284"]
[BlackElo "2159"]
[PlyCount "96"]
[GameId "2160767909648212"]
[EventDate "2011.09.30"]
[EventType "swiss"]
[EventRounds "5"]
[EventCountry "CAN"]

1. d4 d5 2. Nc3 Nf6 3. Bg5 Bf5 4. Bxf6 exf6 5. e3 Bb4 6. Bd3 Be6 7. Nge2 c6 8. a3 Bd6 9. Ng3 g6 10. Qf3 f5 11. Nge2 Nd7 12. Nf4 Nf6 13. h4 Qa5 14. h5 O-O-O 15. Kf1 Bxf4 16. Qxf4 Nxh5 17. Qf3 Nf6 18. b4 Qc7 19. Na4 Ne4 20. Kg1 b5 21. Nc5 Nxc5 22. bxc5 Kd7 23. g3 h5 24. Kg2 Rde8 25. a4 a6 26. axb5 axb5 27. Ra6 Ra8 28. Rha1 Rxa6 29. Rxa6 h4 30. Qf4 hxg3 31. Bxb5 Qxf4 32. Bxc6+ Kc7 33. exf4 gxf2 34. Kxf2 Rh2+ 35. Ke3 Rxc2 36. Ba4 Rc3+ 37. Kd2 Rf3 38. Rc6+ Kb7 39. Rd6 Rxf4 40. Bc6+ Kc7 41. Kc3 g5 42. Bxd5 Bxd5 43. Rxd5 g4 44. Re5 g3 45. Re1 g2 46. Rg1 Rf2 47. Kd3 f4 48. Ke4 f3 0-1

[Event "RA CC-ch"]
[Site "Ottawa CAN"]
[Date "2011.01.13"]
[Round "1"]
[White "Yang, Ryan2"]
[Black "Pacey, Kevin"]
[Result "0-1"]
[WhiteElo "1866"]
[BlackElo "2325"]
[PlyCount "66"]
[GameId "2160767909821145"]
[EventDate "2011.01.13"]
[EventType "swiss"]
[EventRounds "6"]
[EventCountry "CAN"]

1. e4 c5 2. Nf3 d6 3. d4 cxd4 4. Nxd4 Nf6 5. Nc3 g6 6. Be3 Bg7 7. f3 O-O 8. Qd2 Nc6 9. Bc4 Bd7 10. O-O-O Qc7 11. Bb3 Ne5 12. Bh6 Bxh6 13. Qxh6 Nc4 14. h4 Rac8 15. g4 Nxb2 16. Kxb2 Qxc3+ 17. Kb1 a5 18. a4 Bxa4 19. Rd3 Qb4 20. Rg1 Bxb3 21. cxb3 e6 22. h5 Rc3 23. hxg6 Rxd3 24. gxh7+ Nxh7 25. Rh1 Rxb3+ 26. Nxb3 Qxb3+ 27. Ka1 Qc3+ 28. Ka2 Qg7 29. Qd2 Rc8 30. Rb1 Qc3 31. Qxd6 Rc4 32. Qb8+ Kg7 33. Qxb7 Ra4# 0-1

[Event "RA CC-ch"]
[Site "Ottawa CAN"]
[Date "2011.01.20"]
[Round "2"]
[White "Pacey, Kevin"]
[Black "Danilov, Alex"]
[Result "1-0"]
[WhiteElo "2329"]
[BlackElo "1895"]
[PlyCount "69"]
[GameId "2160767909821146"]
[EventDate "2011.01.13"]
[EventType "swiss"]
[EventRounds "6"]
[EventCountry "CAN"]

1. d4 Nf6 2. c4 e6 3. Nf3 c5 4. d5 b5 5. Bg5 d6 6. cxb5 Qa5+ 7. Bd2 Qxb5 8. Nc3 Qb7 9. e4 exd5 10. Nxd5 Nxd5 11. exd5 Qxd5 12. Bb5+ Bd7 13. Bxd7+ Nxd7 14. O-O Be7 15. Qa4 Qb7 16. Rfe1 Kf8 17. b4 Bf6 18. Rad1 g6 19. Bh6+ Bg7 20. Bf4 Ne5 21. Bxe5 Bxe5 22. bxc5 Kg7 23. cxd6 Bf6 24. Rb1 Qd5 25. Red1 Qe6 26. Nd4 Qe4 27. Qc6 Rhe8 28. d7 Qxc6 29. Nxc6 Rf8 30. Rb7 a5 31. Rdb1 Bd8 32. Rb8 Bc7 33. Rxa8 Rxa8 34. Rb7 Bd8 35. Ra7 1-0

[Event "RA CC-ch"]
[Site "Ottawa CAN"]
[Date "2011.01.27"]
[Round "3"]
[White "Doubleday, William"]
[Black "Pacey, Kevin"]
[Result "1/2-1/2"]
[WhiteElo "2065"]
[BlackElo "2329"]
[PlyCount "110"]
[GameId "2160767909821147"]
[EventDate "2011.01.13"]
[EventType "swiss"]
[EventRounds "6"]
[EventCountry "CAN"]

1. d4 d5 2. Nf3 c5 3. c4 e6 4. cxd5 exd5 5. g3 Nc6 6. Bg2 Nf6 7. Nc3 Be7 8. O-O O-O 9. dxc5 Bxc5 10. Bg5 d4 11. Ne4 Be7 12. Nxf6+ Bxf6 13. Bxf6 Qxf6 14. Qd2 Bg4 15. h3 Bh5 16. Rac1 d3 17. Qxd3 Qxb2 18. Rb1 Qxa2 19. Rxb7 Rad8 20. Qb5 Bxf3 21. exf3 Nd4 22. Qc5 a5 23. f4 a4 24. Ra7 Qb3 25. Re1 Nb5 26. Rb7 Qc3 27. Re5 a3 28. Qxc3 Nxc3 29. Ra7 Rd1+ 30. Kh2 a2 31. Rea5 g6 32. Rxa2 Nxa2 33. Rxa2 Rfd8 34. Bf3 R1d2 35. Rxd2 Rxd2 36. Kg2 Kf8 37. h4 h5 38. f5 Rd4 39. fxg6 fxg6 40. Be2 Kg7 41. g4 hxg4 42. Kg3 Kf6 43. Bxg4 Ke5 44. f3 Rb4 45. Bd7 Rb7 46. Bc6 Rb1 47. Be4 Ra1 48. Bd3 Kd4 49. Be4 Ke3 50. Kg2 Kf4 51. Kh3 Rg1 52. Kh2 Rg3 53. Bc6 Rxf3 54. Bxf3 Kxf3 55. h5 gxh5 1/2-1/2

[Event "RA CC-ch"]
[Site "Ottawa CAN"]
[Date "2011.02.10"]
[Round "4"]
[White "Pacey, Kevin"]
[Black "Dunne, Francesco"]
[Result "1-0"]
[WhiteElo "2329"]
[BlackElo "1603"]
[PlyCount "103"]
[GameId "2160767909821148"]
[EventDate "2011.01.13"]
[EventType "swiss"]
[EventRounds "6"]
[EventCountry "CAN"]

1. d4 Nf6 2. c4 e5 3. dxe5 Ng4 4. Nh3 Nxe5 5. e3 Bb4+ 6. Bd2 Bxd2+ 7. Qxd2 d6 8. Nf4 Nbc6 9. Nc3 O-O 10. Be2 Be6 11. Ncd5 Ne7 12. Nxe6 fxe6 13. Nf4 Qd7 14. O-O Rad8 15. Qc3 N7g6 16. Nxg6 Nxg6 17. Qd4 Ne7 18. Bg4 c5 19. Qe4 Nf5 20. Rad1 d5 21. cxd5 exd5 22. Qc2 Nxe3 23. Bxd7 Nxc2 24. Be6+ Kh8 25. Bxd5 b6 26. Be4 Nd4 27. Rde1 Rde8 28. Re3 Rf4 29. Bd3 Rff8 30. Rfe1 Rd8 31. Bb1 b5 32. Re7 a5 33. Rc7 c4 34. f3 Rc8 35. Ree7 Rxc7 36. Rxc7 g6 37. Kf2 Re8 38. Be4 Ne6 39. Rc6 Nd4 40. Rc5 Rb8 41. Ke3 Rd8 42. a4 Nf5+ 43. Bxf5 gxf5 44. Rxb5 Rd1 45. Rxa5 Rb1 46. Rb5 Ra1 47. a5 Ra2 48. Kd4 Ra4 49. Rxf5 Rb4 50. a6 Ra4 51. Rf6 Kg7 52. Rb6 1-0

[Event "RA CC-ch"]
[Site "Ottawa CAN"]
[Date "2011.02.17"]
[Round "5"]
[White "Upper, John"]
[Black "Pacey, Kevin"]
[Result "1/2-1/2"]
[WhiteElo "2201"]
[BlackElo "2329"]
[PlyCount "140"]
[GameId "2160767909821149"]
[EventDate "2011.01.13"]
[EventType "swiss"]
[EventRounds "6"]
[EventCountry "CAN"]

1. Nf3 g6 2. g3 Bg7 3. Bg2 Nf6 4. O-O O-O 5. c4 d5 6. cxd5 Nxd5 7. Nc3 Nb6 8. d3 Nc6 9. Be3 Bf5 10. Qd2 Qd7 11. Bh6 Bh3 12. Bxh3 Qxh3 13. Bxg7 Kxg7 14. Qf4 Qd7 15. b4 Qd6 16. Qxd6 cxd6 17. b5 Nb4 18. Rfc1 Rfc8 19. Kf1 N4d5 20. Nxd5 Nxd5 21. Ke1 f5 22. Kd2 Kf6 23. Nd4 Rc5 24. Rxc5 dxc5 25. Nb3 b6 26. Kc2 a6 27. bxa6 Rxa6 28. a4 Nb4+ 29. Kc3 Nc6 30. Kc4 Na5+ 31. Nxa5 Rxa5 32. Kd5 b5 33. Kxc5 bxa4+ 34. Kb4 Re5 35. Ra2 f4 36. Kxa4 Rh5 37. h4 fxg3 38. fxg3 g5 39. Kb3 gxh4 40. gxh4 Rxh4 41. e4 h5 42. Kc3 Rg4 43. Kd4 h4 44. Ra8 h3 45. Rh8 Rg3 46. Rh6+ Kg7 47. Rh4 Kg6 48. Rh8 Rf3 49. Ke5 Rxd3 50. Kf4 e6 51. Kg4 Kf6 52. Kf4 e5+ 53. Kg4 Re3 54. Rh6+ Kg7 55. Rxh3 Rxe4+ 56. Kf5 Re1 57. Rh4 Kf7 58. Re4 Rxe4 59. Kxe4 Ke6 60. Ke3 Kd5 61. Kd3 e4+ 62. Ke3 Ke5 63. Ke2 Kd4 64. Kd2 e3+ 65. Ke2 Ke4 66. Ke1 Ke5 67. Ke2 Kd4 68. Ke1 Kd3 69. Kd1 e2+ 70. Ke1 Ke3 1/2-1/2

[Event "RA CC-ch"]
[Site "Ottawa CAN"]
[Date "2011.02.24"]
[Round "6"]
[White "Qin, Zi Yi (Joey)"]
[Black "Pacey, Kevin"]
[Result "1/2-1/2"]
[WhiteElo "2354"]
[BlackElo "2329"]
[PlyCount "85"]
[GameId "2160767909821150"]
[EventDate "2011.01.13"]
[EventType "swiss"]
[EventRounds "6"]
[EventCountry "CAN"]

1. e4 Nc6 2. Nf3 d6 3. h3 Nf6 4. Nc3 e5 5. d4 Be7 6. Bc4 O-O 7. O-O h6 8. Re1 Re8 9. b3 exd4 10. Nxd4 Nxd4 11. Qxd4 Nd7 12. Nd5 Bf6 13. Nxf6+ Qxf6 14. Qxf6 Nxf6 15. Bb2 Be6 16. Bf1 Nd7 17. Rad1 f5 18. Rd4 Nc5 19. e5 d5 20. f3 Nd7 21. c4 dxc4 22. Bxc4 Nf8 23. Be2 Red8 24. Red1 Rxd4 25. Rxd4 a5 26. g4 g6 27. Bc1 Kg7 28. f4 c5 29. Rd6 a4 30. Be3 axb3 31. axb3 Ra3 32. Bxc5 Rxb3 33. Kg2 b5 34. Rb6 Bd5+ 35. Kf2 Nd7 36. Rd6 Nxc5 37. Rxd5 Ne4+ 38. Kg2 b4 39. Rd7+ Kf8 40. e6 Rb2 41. Kf3 Rb3+ 42. Kg2 Rb2 43. Kf3 1/2-1/2

[Event "RA CC-ch"]
[Site "Ottawa CAN"]
[Date "2011.03.03"]
[Round "7"]
[White "Pacey, Kevin"]
[Black "Sadeghi, Saeid"]
[Result "0-1"]
[WhiteElo "2329"]
[BlackElo "2160"]
[PlyCount "150"]
[GameId "2160767909821151"]
[EventDate "2011.01.13"]
[EventType "swiss"]
[EventRounds "6"]
[EventCountry "CAN"]

1. c4 e6 2. Nf3 Nf6 3. g3 b6 4. d4 Bb7 5. Bg2 Bb4+ 6. Bd2 Bxd2+ 7. Qxd2 c5 8. O-O O-O 9. Nc3 Ne4 10. Nxe4 Bxe4 11. dxc5 bxc5 12. Qe3 d5 13. Qxc5 Nd7 14. Qd4 Nf6 15. c5 a5 16. Rac1 Qb8 17. Ne5 Bxg2 18. Kxg2 Qb4 19. Rfd1 Rab8 20. Rc2 Rfc8 21. b3 h5 22. e3 Rb5 23. c6 Qd6 24. Rdc1 Rb4 25. Rc4 Rxc4 26. bxc4 Ng4 27. Nxg4 hxg4 28. cxd5 exd5 29. Qc5 Qxc5 30. Rxc5 a4 31. Kf1 Kf8 32. Ke2 Ke7 33. Kd3 Kd6 34. Ra5 Rxc6 35. Rxa4 f5 36. Ra7 g6 37. a4 Rb6 38. Kd4 Rb4+ 39. Kc3 Rb1 40. a5 Rf1 41. Rg7 Rxf2 42. Rxg6+ Ke5 43. a6 Rxh2 44. a7 Ra2 45. Rg7 Ke4 46. Re7+ Kf3 47. Kd4 Kxg3 48. Kxd5 Kf3 49. Kc6 g3 50. Kb7 g2 51. Rg7 Kf2 52. e4 fxe4 53. Rf7+ Ke3 54. Rg7 Kf2 55. Rf7+ Ke3 56. Rg7 Kf3 57. a8=Q Rxa8 58. Kxa8 e3 59. Rf7+ Ke2 60. Rg7 Kf1 61. Rf7+ Kg1 62. Re7 Kf2 63. Rf7+ Kg3 64. Rg7+ Kf3 65. Rf7+ Ke4 66. Re7+ Kf5 67. Rxe3 g1=Q 68. Re8 Qc5 69. Rb8 Ke6 70. Rb6+ Kd5 71. Rb7 Qa5+ 72. Ra7 Qd8+ 73. Kb7 Kc5 74. Ra8 Qb6+ 75. Kc8 Kc6 0-1

[Event "RA Raletich mem."]
[Site "Ottawa CAN"]
[Date "2011.11.17"]
[Round "1"]
[White "Abt, Michael"]
[Black "Pacey, Kevin"]
[Result "0-1"]
[WhiteElo "1499"]
[BlackElo "2090"]
[PlyCount "50"]
[GameId "2160767909573532"]
[EventDate "2011.11.17"]
[EventType "swiss (rapid)"]
[EventRounds "6"]
[EventCountry "CAN"]

1. e4 c5 2. Nf3 Nc6 3. Nc3 Nf6 4. Bc4 d6 5. O-O a6 6. a3 e6 7. d4 cxd4 8. Nxd4 Be7 9. Nxc6 bxc6 10. Bd2 d5 11. exd5 cxd5 12. Bb3 O-O 13. Ne2 e5 14. Bg5 Bb7 15. Bxf6 Bxf6 16. c3 d4 17. cxd4 exd4 18. Ng3 d3 19. Rb1 g6 20. Bc4 d2 21. Qc2 Qd4 22. Rfd1 Rad8 23. b3 Kg7 24. Ne2 Qe4 25. Qa2 Qxg2# 0-1

[Event "RA Raletich mem."]
[Site "Ottawa CAN"]
[Date "2011.11.17"]
[Round "2"]
[White "Pacey, Kevin"]
[Black "Bunning, Les"]
[Result "1-0"]
[WhiteElo "2090"]
[BlackElo "1790"]
[PlyCount "63"]
[GameId "2160767909573533"]
[EventDate "2011.11.17"]
[EventType "swiss (rapid)"]
[EventRounds "6"]
[EventCountry "CAN"]

1. e4 c5 2. c3 Nc6 3. d4 cxd4 4. cxd4 d6 5. Nc3 g6 6. Nf3 Bg7 7. Be2 Nf6 8. O-O O-O 9. h3 b6 10. Bf4 Bb7 11. d5 Nb8 12. Qd2 Nbd7 13. Bh6 Nc5 14. Bxg7 Kxg7 15. Qd4 e5 16. dxe6 Nxe6 17. Qe3 Qe7 18. Rfe1 Rfe8 19. Bb5 Red8 20. Rad1 Nc5 21. Nd5 Bxd5 22. exd5 Qxe3 23. Rxe3 Nce4 24. Rd4 Nc5 25. Bc6 Rab8 26. Re7 a5 27. Ng5 h6 28. Rxf7+ Kg8 29. Rxf6 hxg5 30. Rxg6+ Kf7 31. Rxg5 Ne6 32. dxe6+ 1-0

[Event "RA Raletich mem."]
[Site "Ottawa CAN"]
[Date "2011.11.17"]
[Round "3"]
[White "Kirby, Patrick"]
[Black "Pacey, Kevin"]
[Result "0-1"]
[WhiteElo "1892"]
[BlackElo "2090"]
[PlyCount "40"]
[GameId "2160767909573534"]
[EventDate "2011.11.17"]
[EventType "swiss (rapid)"]
[EventRounds "6"]
[EventCountry "CAN"]

1. d4 d5 2. c4 dxc4 3. Nf3 Nf6 4. e3 Bg4 5. Bxc4 e6 6. h3 Bh5 7. Nc3 c5 8. d5 exd5 9. Nxd5 Nc6 10. Qb3 Nxd5 11. Bxd5 Qb6 12. Qxb6 axb6 13. Bxc6+ bxc6 14. Ne5 Bd6 15. Nc4 Bc7 16. f4 Bg6 17. g4 Bd3 18. Ne5 Be4 19. O-O f6 20. Nc4 Bd3 0-1

[Event "RA Raletich mem."]
[Site "Ottawa CAN"]
[Date "2011.11.24"]
[Round "4"]
[White "Pacey, Kevin"]
[Black "Qin, Zi Yi (Joey)"]
[Result "0-1"]
[WhiteElo "2090"]
[BlackElo "2093"]
[PlyCount "48"]
[GameId "2160767909573535"]
[EventDate "2011.11.17"]
[EventType "swiss (rapid)"]
[EventRounds "6"]
[EventCountry "CAN"]

1. e4 c5 2. Nf3 d6 3. Bb5+ Bd7 4. c4 Nf6 5. Nc3 g6 6. d4 cxd4 7. Nxd4 Bg7 8. O-O O-O 9. Bxd7 Nbxd7 10. Be3 a6 11. f3 Rc8 12. Qe2 Ne5 13. b3 b5 14. cxb5 Rxc3 15. bxa6 Qa8 16. Nb5 Rc6 17. a7 Rfc8 18. Rac1 d5 19. Rxc6 Nxc6 20. Rc1 dxe4 21. fxe4 Nxe4 22. Bb6 Qb7 23. Bc7 Nd4 24. Nxd4 Bxd4+ 0-1

[Event "RA Raletich mem."]
[Site "Ottawa CAN"]
[Date "2011.11.24"]
[Round "5"]
[White "Upper, John"]
[Black "Pacey, Kevin"]
[Result "0-1"]
[WhiteElo "1798"]
[BlackElo "2090"]
[PlyCount "75"]
[GameId "2160767909573536"]
[EventDate "2011.11.17"]
[EventType "swiss (rapid)"]
[EventRounds "6"]
[EventCountry "CAN"]

1. Nf3 c5 2. g3 Nc6 3. d4 cxd4 4. Nxd4 g6 5. Bg2 Bg7 6. Nxc6 bxc6 7. O-O Nf6 8. c4 O-O 9. Nc3 Rb8 10. Qa4 Qb6 11. Be3 Qa6 12. Qxa6 Bxa6 13. b3 Ng4 14. Bd2 Bb7 15. Rac1 d6 16. h3 Ne5 17. Be3 c5 18. Rfd1 Bxg2 19. Kxg2 Nc6 20. Nd5 Rfe8 21. Bd2 Kf8 22. Bc3 Bxc3 23. Nxc3 Nd4 24. e3 Nc6 25. Rd2 f5 26. g4 Kf7 27. f4 h6 28. Kf3 Rg8 29. Rg1 Rg7 30. gxf5 gxf5 31. Rxg7+ Kxg7 32. Rg2+ Kf7 33. Nd5 Nb4 34. e4 Nxd5 35. exd5 a5 36. Re2 Rb4 37. Re6 a4 38. bxa4 0-1

[Event "RA Raletich mem."]
[Site "Ottawa CAN"]
[Date "2011.11.24"]
[Round "6"]
[White "Pacey, Kevin"]
[Black "Marinkovic, Mate"]
[Result "0-1"]
[WhiteElo "2090"]
[BlackElo "1939"]
[PlyCount "127"]
[GameId "2160767909573537"]
[EventDate "2011.11.17"]
[EventType "swiss (rapid)"]
[EventRounds "6"]
[EventCountry "CAN"]

1. c4 e5 2. Nc3 Nc6 3. Nf3 d6 4. d4 exd4 5. Nxd4 Nxd4 6. Qxd4 Be6 7. e4 Ne7 8. f4 Nc6 9. Qf2 f5 10. Be2 g6 11. exf5 Bxf5 12. g4 Bd7 13. Qe3+ Qe7 14. Nd5 Qxe3 15. Bxe3 O-O-O 16. O-O-O Bg7 17. h4 Rde8 18. h5 Nb4 19. Kd2 Nxd5 20. cxd5 Bxb2 21. Rb1 Bc3+ 22. Kd3 Bg7 23. h6 Bf6 24. Kd2 a6 25. Rb3 Re4 26. Bf3 Ra4 27. a3 Re8 28. Rhb1 b5 29. Kd3 Rc4 30. Rh1 Rc3+ 31. Rxc3 Bxc3 32. Bd4 Bxd4 33. Kxd4 Kb7 34. Rg1 Re7 35. Be4 Rf7 36. Ke3 Kb6 37. Bf3 a5 38. Rb1 Re7+ 39. Kd4 Bc8 40. Kd3 Bb7 41. Kd4 Rf7 42. Ke3 c5 43. dxc6 Bxc6 44. Bxc6 Kxc6 45. Ke4 Re7+ 46. Kd4 d5 47. Rf1 Re4+ 48. Kd3 Ra4 49. f5 Rxa3+ 50. Kd4 Ra4+ 51. Kd3 gxf5 52. gxf5 Re4 53. f6 Re8 54. Kd4 Kd6 55. f7 Rf8 56. Rf6+ Ke7 57. Ra6 Kxf7 58. Rxa5 Rb8 59. Kxd5 b4 60. Ra2 b3 61. Rb2 Kg6 62. Ke5 Kxh6 63. Kf5 Rb5+ 64. Kg4 0-1

[Event "RA Spring Thaw"]
[Site "Ottawa CAN"]
[Date "2011.03.24"]
[Round "3"]
[White "Ju, Lawrence"]
[Black "Pacey, Kevin"]
[Result "0-1"]
[WhiteElo "1085"]
[BlackElo "2302"]
[PlyCount "70"]
[GameId "2160767909787473"]
[EventDate "2011.03.10"]
[EventType "swiss"]
[EventRounds "6"]
[EventCountry "CAN"]

1. e4 Nf6 2. e5 Nd5 3. Bc4 Nb6 4. Bb3 d5 5. d4 Bf5 6. Nf3 e6 7. Nc3 h6 8. Ne2 Nc6 9. c3 Na5 10. Ba4+ Nxa4 11. Qxa4+ Nc6 12. b4 a6 13. Qb3 Be7 14. a4 Qd7 15. Bd2 Bd3 16. Nf4 Bc4 17. Qb2 b5 18. axb5 Bxb5 19. Ne2 O-O 20. Be3 a5 21. bxa5 Nxa5 22. O-O Nc4 23. Qc1 Rxa1 24. Qxa1 Nxe3 25. fxe3 Bxe2 26. Rf2 Bxf3 27. gxf3 Rb8 28. h3 Qb5 29. Qa7 Qb1+ 30. Kh2 Rb2 31. Rxb2 Qxb2+ 32. Kg3 Bh4+ 33. Kxh4 Qf2+ 34. Kg4 Qg2+ 35. Kf4 g5# 0-1

[Event "RA Spring Thaw"]
[Site "Ottawa CAN"]
[Date "2011.03.31"]
[Round "4"]
[White "Pacey, Kevin"]
[Black "Arseneau, Peter"]
[Result "1-0"]
[WhiteElo "2302"]
[BlackElo "1989"]
[PlyCount "86"]
[GameId "2160767909787474"]
[EventDate "2011.03.10"]
[EventType "swiss"]
[EventRounds "6"]
[EventCountry "CAN"]

1. e4 e5 2. Nf3 Nc6 3. Bc4 Nf6 4. d4 exd4 5. e5 d5 6. Bb5 Bb4+ 7. c3 dxc3 8. bxc3 O-O 9. O-O Nxe5 10. Nxe5 Qd6 11. Bf4 Bxc3 12. Nxc3 Qb4 13. Bd2 d4 14. Nd3 Qa5 15. Qa4 Qxa4 16. Nxa4 a6 17. Bb4 axb5 18. Bxf8 Kxf8 19. Nab2 Ra3 20. Rac1 c6 21. Nb4 Ne4 22. N2d3 Nc3 23. Rfe1 Bf5 24. Nc2 Bxd3 25. Nxa3 Ne2+ 26. Rxe2 Bxe2 27. f3 d3 28. Nb1 b4 29. Nd2 Ke7 30. Rc4 Kd6 31. Rxb4 b5 32. Kf2 Kc5 33. Re4 b4 34. Nb3+ Kd5 35. Rd4+ Ke5 36. f4+ Ke6 37. Nc5+ Kf5 38. Rxb4 h5 39. a4 g5 40. fxg5 Kxg5 41. a5 Bg4 42. a6 d2 43. Ne4+ Kg6 1-0

[Event "RA Spring Thaw"]
[Site "Ottawa CAN"]
[Date "2011.04.14"]
[Round "6"]
[White "Marinkovic, Mate"]
[Black "Pacey, Kevin"]
[Result "1-0"]
[WhiteElo "2205"]
[BlackElo "2302"]
[PlyCount "73"]
[GameId "2160767909787475"]
[EventDate "2011.03.10"]
[EventType "swiss"]
[EventRounds "6"]
[EventCountry "CAN"]

1. c4 Nf6 2. g3 c6 3. Bg2 d5 4. cxd5 cxd5 5. d4 Nc6 6. Nc3 Bf5 7. Nf3 e6 8. Nh4 Bg4 9. h3 Bh5 10. O-O Bd6 11. f4 Qb6 12. g4 Nxg4 13. hxg4 Bxg4 14. Nf3 Bxf3 15. Bxf3 Qxd4+ 16. Qxd4 Nxd4 17. e3 Nc2 18. Rb1 Bc5 19. Kf2 a6 20. a3 Rc8 21. Bd1 Nxe3 22. Bxe3 d4 23. Ne4 dxe3+ 24. Ke2 Ke7 25. Nxc5 Rxc5 26. Kxe3 Rd8 27. Bf3 b6 28. Rfd1 Rxd1 29. Rxd1 e5 30. fxe5 Rxe5+ 31. Kd4 Re6 32. Rc1 Rd6+ 33. Bd5 f5 34. Ke5 Kd7 35. Bb7 a5 36. Bc8+ Ke7 37. Rc7+ 1-0

[Event "RA Spring op"]
[Site "Ottawa CAN"]
[Date "2011.03.05"]
[Round "2"]
[White "Valdizon, Armando"]
[Black "Pacey, Kevin"]
[Result "1/2-1/2"]
[WhiteElo "2279"]
[BlackElo "2309"]
[PlyCount "64"]
[GameId "2160767909787507"]
[EventDate "2011.03.04"]
[EventType "swiss"]
[EventRounds "5"]
[EventCountry "CAN"]
[SourceTitle "EXT 2022"]
[Source "ChessBase"]
[SourceDate "2021.10.06"]
[SourceVersion "1"]
[SourceVersionDate "2021.10.06"]
[SourceQuality "1"]

1. Nf3 c5 2. c4 Nf6 3. Nc3 e6 4. d4 cxd4 5. Nxd4 a6 6. e4 Qc7 7. a3 d6 8. Be3 Nbd7 9. Rc1 b6 10. Be2 Bb7 11. f3 Be7 12. O-O O-O 13. Qb3 Rac8 14. Rfd1 Rfe8 15. Kh1 Qb8 16. Nc2 Bd8 17. Nb4 Nc5 18. Qa2 Bc7 19. Bg1 Rcd8 20. Nc2 Nh5 21. b4 Nd7 22. Ne3 Nf4 23. Bf1 Nf6 24. Rd2 h5 25. Rcd1 h4 26. h3 N6h5 27. Bh2 Ng3+ 28. Bxg3 hxg3 29. Ne2 Nh5 30. Nc3 Nf4 31. Ne2 Nh5 32. Nc3 Nf4 1/2-1/2

[Event "RA Spring op"]
[Site "Ottawa CAN"]
[Date "2011.03.06"]
[Round "2"]
[White "Sapozhnikov, Roman"]
[Black "Voloaca, Mihnea"]
[Result "1-0"]
[WhiteElo "2433"]
[BlackElo "2318"]
[PlyCount "55"]
[GameId "2160767909787508"]
[EventDate "2011.03.04"]
[EventType "swiss"]
[EventRounds "5"]
[EventCountry "CAN"]
[SourceTitle "EXT 2022"]
[Source "ChessBase"]
[SourceDate "2021.10.06"]
[SourceVersion "1"]
[SourceVersionDate "2021.10.06"]
[SourceQuality "1"]

1. e4 c5 2. Nf3 d6 3. d4 cxd4 4. Nxd4 Nf6 5. Nc3 a6 6. Be3 Ng4 7. Bc1 e5 8. Nb3 Qb6 9. Qe2 Be6 10. f3 Nf6 11. Be3 Qc7 12. O-O-O h5 13. Qf2 Nbd7 14. h3 Be7 15. f4 Rc8 16. Bd3 b5 17. Kb1 b4 18. Nd5 Bxd5 19. exd5 Nxd5 20. Bxa6 Nxe3 21. Bxc8 Nxd1 22. Bxd7+ Qxd7 23. Rxd1 Qb7 24. fxe5 dxe5 25. Qf5 Qc7 26. Rd5 f6 27. Qe6 Rh6 28. Rc5 1-0

[Event "RA Spring op"]
[Site "Ottawa CAN"]
[Date "2011.03.05"]
[Round "3"]
[White "Voloaca, Mihnea"]
[Black "Levkovsky, Alexandre"]
[Result "0-1"]
[WhiteElo "2318"]
[BlackElo "2267"]
[PlyCount "91"]
[GameId "2160767909787511"]
[EventDate "2011.03.04"]
[EventType "swiss"]
[EventRounds "5"]
[EventCountry "CAN"]
[SourceTitle "EXT 2022"]
[Source "ChessBase"]
[SourceDate "2021.10.06"]
[SourceVersion "1"]
[SourceVersionDate "2021.10.06"]
[SourceQuality "1"]

1. c4 Nf6 2. d4 e6 3. g3 Bb4+ 4. Bd2 Qe7 5. Bg2 O-O 6. Nc3 d6 7. e4 e5 8. d5 Bxc3 9. Bxc3 c5 10. Ne2 b6 11. O-O a6 12. a4 Nbd7 13. Nc1 Re8 14. Nd3 Nf8 15. Qd2 Ng6 16. Rfe1 Bd7 17. f4 Reb8 18. h3 Be8 19. Qf2 Nd7 20. f5 Ngf8 21. a5 b5 22. b3 Nf6 23. g4 h6 24. Bf3 bxc4 25. bxc4 Rb3 26. Rec1 Rab8 27. h4 N6h7 28. Bd1 R3b7 29. Bd2 Nd7 30. Qg3 f6 31. Ne1 Qf8 32. Nf3 g5 33. fxg6 Bxg6 34. Bc2 Rb2 35. Bd3 Qg7 36. Kf2 R8b3 37. Ke2 Ndf8 38. Rab1 Rxd3 39. Rxb2 Bxe4 40. Be3 f5 41. Nd2 f4 42. Nxe4 Rxe3+ 43. Qxe3 fxe3 44. g5 Qf7 45. Rf1 Qh5+ 46. Kxe3 0-1